| 000 | 01146pam a2200301 a 4500 | ||
|---|---|---|---|
| 005 | 20260205114021.0 | ||
| 008 | 930416s1993 mdu b 001 0 eng | ||
| 020 |
_a0801847478 _qpbk. : alk. paper |
||
| 020 |
_a080184746X _qalk. paper |
||
| 020 |
_a9780801847479 _q(pbk. : alk. paper) |
||
| 040 |
_aKABLIB _cKABLIB _erda |
||
| 082 | 0 | 0 |
_a320.3 _223 _bCAP |
| 245 | 0 | 0 |
_aCapitalism, socialism, and democracy revisited / _cedited by Larry Diamond and Marc F. Plattner. |
| 260 |
_aBaltimore, Md. : _bThe Johns Hopkins University Press, _cc1993 |
||
| 300 |
_axii, 137 p. ; _c23 cm. |
||
| 440 | 2 |
_aA Journal of democracy book _915182 |
|
| 504 | _aIncludes bibliographical references, index. | ||
| 650 | 0 | _aDemocracy. | |
| 650 | 0 | _aCapitalism. | |
| 650 | 0 |
_aSocialism. _915183 |
|
| 650 | 0 |
_aComparative government. _910142 |
|
| 650 | 0 |
_aComparative economics. _911887 |
|
| 700 | 1 |
_aDiamond, Larry Jay. _915184 |
|
| 700 | 1 |
_aPlattner, Marc F., _d1945- _915185 |
|
| 730 | 0 | 2 |
_aJournal of democracy. _fJuly 1992 and April 1993. _915186 |
| 856 | 4 | 2 |
_3Publisher description _uhttp://www.loc.gov/catdir/description/jhu051/93004362.html |
| 942 |
_2ddc _cBOOK |
||
| 999 |
_c6012 _d6012 |
||